The noble scholar, jurist, historian


 His Excellency Dr. Abdul Wahhab bin Ibrahim Abu Sulaiman, may Allah have mercy on him.


 He was born in Umm Al-Qura in the year 1356 AH.

ظاهرة الهجرة اليمنية : (Record no. 7679)

MARC details
000 -LEADER
fixed length control field 02279cam a2200313 i 4500
003 - CONTROL NUMBER IDENTIFIER
control field SA-RiAUC
005 - DATE AND TIME OF LATEST TRANSACTION
control field 20250506101043.0
008 - FIXED-LENGTH DATA ELEMENTS--GENERAL INFORMATION
fixed length control field 250505s1985 sy g b 000r0 ara c
024 0# - OTHER STANDARD IDENTIFIER
Standard number or code 00000000956774
040 ## - CATALOGING SOURCE
Original cataloging agency SA-RiAUC
Language of cataloging ara
Transcribing agency SA-RiAUC
Modifying agency AE-DuMBRL
Description conventions rda
043 ## - GEOGRAPHIC AREA CODE
Geographic area code a-ye---
050 #4 - LIBRARY OF CONGRESS CALL NUMBER
Item number .M36 1985
082 04 - DEWEY DECIMAL CLASSIFICATION NUMBER
Classification number 304.809533
Assigning agency SA-RiAUC
090 ## - LOCALLY ASSIGNED LC-TYPE CALL NUMBER (OCLC); LOCAL CALL NUMBER (RLIN)
Classification number (OCLC) (R) ; Classification number, CALL (RLIN) (NR) 304.809533
Local cutter number (OCLC) ; Book number/undivided call number, CALL (RLIN) م ن ص
100 1# - MAIN ENTRY--PERSONAL NAME
Personal name منصور، عبد الملك.
Relator term مؤلف.
245 10 - TITLE STATEMENT
Title ظاهرة الهجرة اليمنية :
Remainder of title تاريخها وتوصيفها، تعليلها، مستقبلها، آثارها الإيجابية والسلبية، ترشيدها /
Statement of responsibility, etc. تأليف عبد الملك منصور.
250 ## - EDITION STATEMENT
Edition statement الطبعة الأولى.
264 #1 - PRODUCTION, PUBLICATION, DISTRIBUTION, MANUFACTURE, AND COPYRIGHT NOTICE
Place of production, publication, distribution, manufacture دمشق :
Name of producer, publisher, distributor, manufacturer دار الفكر للطباعة والتوزيع والنشر،
Date of production, publication, distribution, manufacture, or copyright notice 1985.
300 ## - PHYSICAL DESCRIPTION
Extent 255 صفحة ؛
Dimensions 24 × 17 سم
336 ## - CONTENT TYPE
Content type term نص
Content type code txt
Source rdacontent
Materials specified كتاب
337 ## - MEDIA TYPE
Media type term بدون وسيط
Media type code n
Source rdamedia
338 ## - CARRIER TYPE
Carrier type term مجلد
Carrier type code nc
Source rdacarrier
504 ## - BIBLIOGRAPHY, ETC. NOTE
Bibliography, etc. note ببليوجرافية : صفحة 251-254.
520 ## - SUMMARY, ETC.
Summary, etc. تناولت هذه الدراسة (ظاهرة الهجرة اليمنية)، تاريخها، توصيفها، تعليلها، مستقبلها، آثارها، الإيجابية والسلبية، ترشيدها، مستهدفة اطلاع القارئ على المعلومات والآراء المتفرقة في الدراسات السابقة لها، والبيانات الميدانية الموثوقة في هذا المجال. « وحرصت هذه الدراسة أيضا على تمحيص تلك البيانات والآراء ومقارنتها ببعضها ترجيحا للحقائق التي تبدو أكثر موضوعية على الانطباعات الشخصية التي أتت بالدرجة الثانية لملء الفراغ الذي لم تملؤه بيانات، مبدانية موثوقة، وكذلك استبعادا للآراء التي ترجح صدورها عن أفكار مسبقة ومفاهيم خاصة لا تتسع قوالبها للموضوعية العلمية.
650 #7 - SUBJECT ADDED ENTRY--TOPICAL TERM
Topical term or geographic name entry element الهجرة
Geographic subdivision اليمن
Source of heading or term aucsh
651 #7 - SUBJECT ADDED ENTRY--GEOGRAPHIC NAME
Geographic name اليمن
General subdivision نزوح وهجرة
Source of heading or term aucsh
942 ## - ADDED ENTRY ELEMENTS (KOHA)
Source of classification or shelving scheme Dewey Decimal Classification
Koha item type Books
Suppress in OPAC No
949 ## - LOCAL PROCESSING INFORMATION (OCLC)
a SA-JeALM
d 250505
u mohamedma123
n 1
Holdings
Withdrawn status Lost status Source of classification or shelving scheme Damaged status Not for loan Home library Current library Date acquired Total checkouts Full call number Barcode Date last seen Price effective from Koha item type
    Dewey Decimal Classification     DR AbdElwahab Library DR AbdElwahab Library 05/06/2025   304.809533 م ن ص 000012714 05/06/2025 05/06/2025 Books